Reglament General de Circulació : manual de consulta manual de consulta
Publicado:
Barcelona :
Diputació de Barcelona. Àrea de Presidència. Direcció de Serveis de Formació ,
2009
Descripción Física:
90 p. ; 29 cm
MARC
| LEADER | 00000nam a2200000Ia 4500 | ||
|---|---|---|---|
| 001 | 22515 | ||
| 008 | 160829s2009 xx 000 0 cat d | ||
| 080 | |a C-3-281 | ||
| 245 | |a Reglament General de Circulació : |b manual de consulta | ||
| 250 | |a 2a ed. | ||
| 260 | |a Barcelona : |b Diputació de Barcelona. Àrea de Presidència. Direcció de Serveis de Formació, |c 2009 | ||
| 300 | |a 90 p. ; |c 29 cm | ||
| 590 | |a Bibliografia. | ||
| 590 | |a Inclou material d'autoavaluació | ||
| 650 | |a Circulació |x Dret i legislació |x Manuals, guies, etc. |9 43969 | ||
| 710 | |a Barcelona (Catalunya : Província). |b Direcció de Serveis de Formació |9 51343 | ||
| 901 | |a Arxiu | ||
| 942 | |n 1 | ||
| 952 | |0 0 |1 0 |4 0 |6 C3281 |7 1 |9 51708 |a Arxiu |b Arxiu |d 2016-12-01 |l 0 |o C-3-281 |p 22515 |r 2016-12-01 00:00:00 |w 2016-12-01 |y ARXIU | ||
| 999 | |c 55553 |d 55553 | ||